000 00333nam a2200133 i 4500
001 bg
100 1 _aJARZYNA, Henryk
245 0 _aNiektóre zagadnienia właściwości napędowych statku /
_cH. Jarzyna.
260 _aGdańsk,
_c1982.
040 _cBPK
041 _apol
942 _cKS
008 s pl f |000 0 pol
999 _c21680
_d21680
856 _uhttp://koha.tu.koszalin.pl/cgi-bin/koha/opac-detail.pl?biblionumber=21680
_yKatalog online BPK